00000000nam##2200000za#4500
0019.577443
003CaOODSP
00520210624185620
007cr |||||||||||
008150406|2004||||xxc|||||o    f|0| 0 eng|d
040 |aCaOODSP|beng
043 |an-cn---
0861 |aFs97-13/1133E-PDF
1101 |aCanada. |bDepartment of Fisheries and Oceans.
24510|aData record on vegetation and insect sampling in the marine riparian zone of Furry Creek and Porteau Cove, Howe Sound, British Columbia / |h[electronic resource]|cby G.E. Piercey, C.D. Levings, and C. Durance.
260 |aWest Vancouver - British Columbia : |bFisheries and Oceans Canada |c2004.
300 |a26p.
4901 |aCanadian data report of fisheries and aquatic sciences|vNo. 1133
500 |aOn t.p.: West Vancouver Laboratory, West Vancouver, BC. The catalogue number and ISSN for the print edition appear in the PDF version.
546 |a(Résumé en français)
590 |a13-22-Supp|b2013-09-26
7201 |aLevings, C.
7201 |aDurance, C.
7201 |aPiercey, G. E.
830#0|aCanadian data report of fisheries and aquatic sciences ;|vNo. 1133|w(CaOODSP)9.505124
85640|ahttp://publications.gc.ca|qPDF|s6437 KB|uhttps://publications.gc.ca/collections/collection_2013/mpo-dfo/Fs97-13-1133-eng.pdf|yNo. 1133